00672nam a2200241Ia 450000500170000000800460001703700110006304000080007404000080008204000080009004100080009804100080010608400080011410000450012224500640016726000090023130000100024065000080025070000560025894200070031499900210032195200880034220260430150350.0008 250103s9999 xx 000 0 eng d aTheses aCRL beng ceng 2eng aeng qCRL aKalon Jatin Au.; Jha Anupam Gu.91237273 0aHuman Rights in Military Laws of India: A Critical Analysis c2023 a314p. aLaw aUniversity of Delhi. Faculty of Arts. Deptt. of Law cTH c1849611d1849611 00104070aCRLbCRLd2026-04-30l0pTH0027227r2026-04-30 15:03:50w2026-04-30yTH